000 00400nam a2200169Ia 4500
001 7603
003 GE_BSU
008 181216s||||||||xx |||||||||||||| ||und||
040 _cGE_BSU
245 _aParis Match, №3346 du 4 au 10 juillet 2013.
245 _cdir.red. O.Royant.
260 _aParis.
260 _c2013.du 4 10 juillet.
300 _a106pg;29cm.
653 _aParis Match
942 _cCR
999 _c40956
_d40956